| 000 | 01408nac a22004457a 4500 | ||
|---|---|---|---|
| 001 | BR0400290 | ||
| 003 | BR-BrBNA | ||
| 005 | 20240105122935.0 | ||
| 008 | 230509b bl.|||m| |||| 00| 0 por d | ||
| 040 |
_aBR-BrBNA _bpor _cBiblioteca Nacional de Agricultura |
||
| 072 | _aF60 | ||
| 090 | _a1930 BR0400290 | ||
| 100 | 1 | _aNascimento, C.N.B. do | |
| 100 | 1 | _aCarvalho, L.O.D. de M. | |
| 100 | 1 | _aCamarão, A.P. | |
| 100 | 1 | _aCosta, N.A. da | |
| 100 | 1 | _aLourenço Júnior, J. de B.L. | |
| 110 | 1 | _aCentro de Pesquisa Agropecuária do Trópico Úmido, Belém, PA (Brasil) | |
| 245 | 1 | _aIntrodução e avaliação de gramíneas forrageiras em restinga do Rio Amazonas | |
| 260 | 3 |
_aBelém, PA (Brasil): _c1987. |
|
| 300 | _a15 p. | ||
| 490 |
_aBoletim de Pesquisa - Centro de Pesquisa Agropecuária do Trópico Úmido (Brazil) _vno. 88 _xISSN 0100-8102 |
||
| 500 | _aSummaries (En, Pt); 16 ref. | ||
| 650 | _aGRAMÍNEA FORRAGEIRA | ||
| 650 | _aINTRODUÇÃO DE PLANTA | ||
| 650 | _aSOLO | ||
| 650 | _aPROPRIEDADE FÍSICO-QUÍMICA | ||
| 650 | _aMATÉRIA SECA | ||
| 650 | _aPRODUÇÃO VEGETAL | ||
| 650 | _aNUTRIÇÃO ANIMAL | ||
| 650 | _aPROTEÍNA BRUTA | ||
| 650 | _aPOTÁSSIO | ||
| 650 | _aMAGNÉSIO | ||
| 650 | _aFÓSFORO | ||
| 650 | _aCÁLCIO | ||
| 650 | _aRESTINGA | ||
| 650 | _aAMAZONAS | ||
| 909 |
_a202312 _bLúcia Elande _c55 _dLúcia Elande |
||
| 942 |
_2AGRIS _n0 _cMS |
||
| 999 |
_c293389 _d293389 |
||